The mystery of consciousness

Uloženo v:
Podrobná bibliografie
Hlavní autor: Searle, John R (Autor)
Médium: Kniha
Jazyk:angličtina
Vydáno: Nueva York New York Review Book 1997
Témata:
Tagy: Přidat tag
Žádné tagy, Buďte první, kdo vytvoří štítek k tomuto záznamu!

MARC

LEADER 00000nam a2200000 a 4500
001 UCI3722
003 CL-VaPUC
008 071123e19970000US |||||||||||||||||eng|d
020 |a 9780940322066 
082 0 4 |a 153  |b SEA  |2 21 
100 0 |a Searle, John R  |e author  |9 525227 
245 1 4 |a The mystery of consciousness 
300 |a 224 p 
942 |c BK 
945 |d 20071123 00:00:00  |a jtorresc 
260 |a Nueva York  |b New York Review Book  |c 1997 
650 0 |a Conciencia  |9 309452 
583 |a last modification  |c 20071123 00:00:00  |k Rodrigo Vera 
999 |c 327840  |d 327838 
952 |0 0  |1 0  |4 0  |6 153_000000000000000_SEA_1997  |7 0  |8 A  |9 411317  |a FDOPOS  |b FDOPOS  |d 2019-11-22  |i 4390245  |o 153 SEA 1997  |p 4390245  |r 2025-01-22  |w 2019-11-22  |y BK  |k MLA